Loading...
| Science - Chemistry | 0 | 7 | 1 | 0 | 65 | 62 | 87.29 | 4 | 6 | 17.50 | 53.03 |
| Fine Arts - Painting and Sculpture | 0 | 5 | 0 | 1 | 50 | 119 | 130.40 | 0 | 3 | 2.73 | 18.18 |
| Science - Other | 0 | 4 | 0 | 2 | 40 | 115 | 122.00 | 0 | 2 | 0.00 | 16.67 |
| History - World | 0 | 3 | 0 | 0 | 30 | 84 | 102.33 | 0 | 2 | 5.49 | 12.12 |
| Science - Physics | 0 | 3 | 0 | 2 | 30 | 113 | 122.67 | 1 | 2 | -0.08 | 16.67 |
| Social Science | 0 | 2 | 0 | 1 | 20 | 81 | 105.50 | 0 | 1 | 3.06 | 7.58 |
| Fine Arts - Other | 0 | 2 | 0 | 0 | 20 | 127 | 138.50 | 0 | 1 | 0.07 | 4.55 |
| Literature - British | 0 | 2 | 0 | 0 | 20 | 138 | 142.50 | 0 | 1 | -0.06 | 6.06 |
| Mythology | 0 | 2 | 0 | 0 | 20 | 121 | 123.50 | 0 | 1 | 1.56 | 6.06 |
| Science - Biology | 0 | 3 | 2 | 0 | 20 | 105 | 113.33 | 0 | 2 | 3.00 | 16.67 |
| Geography | 0 | 1 | 0 | 0 | 10 | 86 | 86.00 | 0 | 0 | 8.46 | 12.50 |
| Philosophy | 0 | 1 | 0 | 0 | 10 | 122 | 122.00 | 0 | 0 | 0.00 | 1.52 |
| Fine Arts - Classical Music | 0 | 1 | 0 | 0 | 10 | 115 | 115.00 | 0 | 1 | 1.11 | 4.55 |
| History - European | 0 | 1 | 0 | 0 | 10 | 113 | 113.00 | 0 | 0 | 1.07 | 3.03 |
| History - Other | 0 | 1 | 0 | 0 | 10 | 99 | 99.00 | 0 | 1 | 2.71 | 7.58 |
| History - American | 0 | 1 | 0 | 0 | 10 | 117 | 117.00 | 0 | 0 | -0.16 | 1.52 |
| Literature - European | 0 | 1 | 0 | 0 | 10 | 132 | 132.00 | 0 | 0 | 0.46 | 4.55 |